[Event "World Youth & Cadets Blitz Championships"]
[Site "Rhodes, Greece"]
[Date "2022.05.03"]
[Round "1.39"]
[White "Smietanska, Wiktoria"]
[Black "Ferrer Naranjo, Liennys"]
[Result "1-0"]
[TimeControl "5'/game & 2\"/move"]
[WhiteElo "1890"]
[BlackElo "1210"]

1. c4 {[%clk 00:05:03]} e6 {[%clk 00:05:03]} {[%emt 00:00:01]} 2. Nc3 {[%clk
00:05:04]} {[%emt 00:00:01]} d5 {[%clk 00:05:04]} {[%emt 00:00:01]} 3. cxd5
{[%clk 00:05:05]} {[%emt 00:00:01]} exd5 {[%clk 00:05:05]} {[%emt 00:00:01]} 4.
d4 {[%clk 00:05:06]} {[%emt 00:00:01]} Nf6 {[%clk 00:05:06]} {[%emt 00:00:01]}
5. Bg5 {[%clk 00:05:06]} Be7 {[%clk 00:05:07]} {[%emt 00:00:01]} 6. e3 {[%clk
00:05:07]} {[%emt 00:00:01]} O-O {[%clk 00:05:07]} {[%emt 00:00:02]} 7. Bd3
{[%clk 00:05:08]} {[%emt 00:00:01]} c6 {[%clk 00:05:08]} {[%emt 00:00:02]} 8.
Qc2 {[%clk 00:05:07]} {[%emt 00:00:02]} Nbd7 {[%clk 00:05:08]} {[%emt
00:00:02]} 9. Nge2 {[%clk 00:05:05]} {[%emt 00:00:04]} Re8 {[%clk 00:05:09]}
{[%emt 00:00:02]} 10. O-O {[%clk 00:05:03]} {[%emt 00:00:04]} Nf8 {[%clk
00:05:09]} {[%emt 00:00:02]} 11. Rae1 {[%clk 00:04:34]} {[%emt 00:00:31]} g6
{[%clk 00:04:40]} {[%emt 00:00:31]} 12. f3 {[%clk 00:04:22]} {[%emt 00:00:14]}
Ne6 {[%clk 00:04:37]} {[%emt 00:00:04]} 13. Bh4 {[%clk 00:04:20]} {[%emt
00:00:04]} Ng7 {[%clk 00:03:43]} {[%emt 00:00:56]} 14. Bf2 {[%clk 00:03:50]}
{[%emt 00:00:32]} a6 {[%clk 00:03:01]} {[%emt 00:00:45]} 15. Ng3 {[%clk
00:03:43]} {[%emt 00:00:08]} Ne6 {[%clk 00:02:38]} {[%emt 00:00:26]} 16. a3
{[%clk 00:03:16]} {[%emt 00:00:29]} Bf8 {[%clk 00:02:22]} {[%emt 00:00:18]} 17.
b4 {[%clk 00:03:05]} {[%emt 00:00:13]} Bg7 {[%clk 00:02:19]} {[%emt 00:00:05]}
18. Rd1 {[%clk 00:02:25]} {[%emt 00:00:41]} Nc7 {[%clk 00:01:53]} {[%emt
00:00:28]} 19. Rfe1 {[%clk 00:02:06]} {[%emt 00:00:22]} Nb5 {[%clk 00:01:51]}
{[%emt 00:00:03]} 20. a4 {[%clk 00:01:51]} {[%emt 00:00:17]} Nxc3 {[%clk
00:01:51]} {[%emt 00:00:02]} 21. Qxc3 {[%clk 00:01:51]} {[%emt 00:00:02]} Be6
{[%clk 00:01:35]} {[%emt 00:00:18]} 22. h3 {[%clk 00:01:43]} {[%emt 00:00:10]}
Qd7 {[%clk 00:01:31]} {[%emt 00:00:06]} 23. Kh2 {[%clk 00:00:55]} {[%emt
00:00:51]} Rad8 {[%clk 00:01:20]} {[%emt 00:00:13]} 24. e4 {[%clk 00:00:33]}
{[%emt 00:00:23]} dxe4 {[%clk 00:01:18]} {[%emt 00:00:04]} 25. fxe4 {[%clk
00:00:33]} {[%emt 00:00:02]} Qc8 {[%clk 00:00:59]} {[%emt 00:00:21]} 26. Bc2
{[%clk 00:00:31]} {[%emt 00:00:05]} Qb8 {[%clk 00:00:52]} {[%emt 00:00:09]} 27.
Kg1 {[%clk 00:00:18]} {[%emt 00:00:15]} Qc8 {[%clk 00:00:46]} {[%emt 00:00:08]}
28. Re2 {[%clk 00:00:10]} {[%emt 00:00:10]} b5 {[%clk 00:00:28]} {[%emt
00:00:19]} 29. a5 {[%clk 00:00:08]} {[%emt 00:00:04]} Bc4 {[%clk 00:00:27]}
{[%emt 00:00:04]} 30. Bd3 {[%clk 00:00:09]} {[%emt 00:00:01]} Bxd3 {[%clk
00:00:15]} {[%emt 00:00:14]} 31. Qxd3 {[%clk 00:00:09]} {[%emt 00:00:02]} Rd7
{[%clk 00:00:14]} {[%emt 00:00:03]} 32. Rc1 {[%clk 00:00:10]} Red8 {[%clk
00:00:14]} {[%emt 00:00:02]} 33. Qc3 {[%clk 00:00:08]} {[%emt 00:00:04]} Ne8
{[%clk 00:00:08]} {[%emt 00:00:08]} 34. Rd2 {[%clk 00:00:05]} {[%emt 00:00:04]}
Qb7 {[%clk 00:00:07]} {[%emt 00:00:03]} 35. Rdd1 {[%clk 00:00:05]} {[%emt
00:00:02]} Nc7 {[%clk 00:00:05]} {[%emt 00:00:05]} 36. Ne2 {[%clk 00:00:05]}
{[%emt 00:00:01]} Ne6 {[%clk 00:00:06]} {[%emt 00:00:01]} 37. Qxc6 {[%clk
00:00:05]} {[%emt 00:00:03]} Qxc6 {[%clk 00:00:07]} 38. Rxc6 {[%clk 00:00:06]}
Nxd4 {[%clk 00:00:07]} {[%emt 00:00:02]} 39. Nxd4 {[%clk 00:00:07]} {[%emt
00:00:01]} Bxd4 {[%clk 00:00:07]} {[%emt 00:00:01]} 40. Bxd4 {[%clk 00:00:07]}
{[%emt 00:00:03]} Rxd4 {[%clk 00:00:08]} 41. Rxd4 {[%clk 00:00:07]} {[%emt
00:00:02]} Rxd4 {[%clk 00:00:09]} 42. Rxa6 {[%clk 00:00:08]} {[%emt 00:00:02]}
Rxb4 {[%clk 00:00:10]} 43. Rb6 {[%clk 00:00:08]} {[%emt 00:00:02]} Ra4 {[%clk
00:00:11]} {[%emt 00:00:01]} 44. a6 {[%clk 00:00:08]} {[%emt 00:00:02]} b4
{[%clk 00:00:11]} {[%emt 00:00:01]} 45. Kf2 {[%clk 00:00:05]} {[%emt 00:00:06]}
Kg7 {[%clk 00:00:12]} 46. Ke3 {[%clk 00:00:05]} {[%emt 00:00:02]} Ra3+ {[%clk
00:00:13]} {[%emt 00:00:02]} 47. Kd2 {[%clk 00:00:05]} {[%emt 00:00:02]} b3
{[%clk 00:00:13]} {[%emt 00:00:02]} 48. Kc3 {[%clk 00:00:06]} h5 {[%clk
00:00:11]} {[%emt 00:00:04]} 49. Kb2 {[%clk 00:00:06]} {[%emt 00:00:02]} Ra2+
{[%clk 00:00:10]} {[%emt 00:00:03]} 50. Kxb3 {[%clk 00:00:07]} {[%emt
00:00:01]} Ra5 {[%clk 00:00:10]} {[%emt 00:00:01]} 51. Kb4 {[%clk 00:00:08]}
{[%emt 00:00:02]} Ra1 {[%clk 00:00:11]} 52. Kb5 {[%clk 00:00:09]} {[%emt
00:00:01]} g5 {[%clk 00:00:11]} {[%emt 00:00:02]} 53. Kc6 {[%clk 00:00:09]}
{[%emt 00:00:02]} f6 {[%clk 00:00:10]} {[%emt 00:00:02]} 54. Kb7 {[%clk
00:00:09]} {[%emt 00:00:02]} g4 {[%clk 00:00:11]} {[%emt 00:00:01]} 55. hxg4
{[%clk 00:00:10]} hxg4 {[%clk 00:00:12]} 56. a7 {[%clk 00:00:12]} {[%emt
00:00:01]} Ra2 {[%clk 00:00:11]} {[%emt 00:00:03]} 57. a8=Q {[%emt 00:00:03]}
Rxg2 {[%clk 00:00:12]} 58. Kc8 {[%clk 00:00:09]} {[%emt 00:00:03]} Kg6 {[%clk
00:00:09]} {[%emt 00:00:06]} 59. Qc6 {[%clk 00:00:08]} {[%emt 00:00:03]} Rf2
{[%clk 00:00:08]} {[%emt 00:00:03]} 60. Qe6 {[%emt 00:00:04]} Rf4 {[%clk
00:00:08]} 61. Rb3 {[%clk 00:00:07]} {[%emt 00:00:02]} Kg5 {[%clk 00:00:09]}
{[%emt 00:00:02]} 62. Qg8+ {[%clk 00:00:08]} {[%emt 00:00:01]} Kh4 {[%clk
00:00:10]} {[%emt 00:00:02]} 63. Rb1 {[%clk 00:00:09]} {[%emt 00:00:01]} Kg3
{[%clk 00:00:09]} {[%emt 00:00:03]} 64. Rg1+ {[%clk 00:00:08]} {[%emt
00:00:02]} Kf3 {[%clk 00:00:10]} 65. Qg6 {[%clk 00:00:05]} {[%emt 00:00:05]}
Rxe4 {[%clk 00:00:08]} {[%emt 00:00:04]} 66. Qxf6+ {[%clk 00:00:05]} {[%emt
00:00:02]} Rf4 {[%clk 00:00:09]} {[%emt 00:00:01]} 67. Qg5 {[%clk 00:00:06]}
Rc4+ {[%clk 00:00:09]} {[%emt 00:00:03]} 68. Kd7 {[%clk 00:00:06]} Rd4+ {[%clk
00:00:10]} {[%emt 00:00:01]} 69. Ke6 {[%clk 00:00:07]} Re4+ {[%clk 00:00:11]}
{[%emt 00:00:01]} 70. Kf5 {[%clk 00:00:07]} Rb4 {[%clk 00:00:12]} {[%emt
00:00:03]} 71. Rf1+ {[%clk 00:00:05]} {[%emt 00:00:03]} Kg3 {[%clk 00:00:11]}
{[%emt 00:00:03]} 72. Qe3+ {[%clk 00:00:05]} {[%emt 00:00:02]} Kg2 {[%clk
00:00:10]} {[%emt 00:00:03]} 73. Qf2+ {[%clk 00:00:06]} Kh3 {[%clk 00:00:10]}
{[%emt 00:00:02]} 74. Rh1# {[%clk 00:05:02]} {[%emt 00:00:13]} 1-0

[Event "World Youth & Cadets Blitz Championships"]
[Site "Rhodes, Greece"]
[Date "2022.05.03"]
[Round "1.40"]
[White "Aydogan, Arya"]
[Black "Hnatyshyn, Anastasiia"]
[Result "0-1"]
[TimeControl "5'/game & 2\"/move"]
[WhiteElo "1206"]
[BlackElo "1784"]

1. e4 {[%clk 00:05:01]} {[%emt 00:00:01]} c5 {[%clk 00:05:03]} {[%emt
00:00:02]} 2. Nf3 {[%clk 00:05:00]} {[%emt 00:00:03]} Nc6 {[%clk 00:05:03]}
{[%emt 00:00:02]} 3. Bb5 {[%clk 00:04:59]} {[%emt 00:00:03]} g6 {[%clk
00:05:02]} {[%emt 00:00:02]} 4. O-O {[%clk 00:04:57]} {[%emt 00:00:05]} Bg7
{[%clk 00:05:02]} {[%emt 00:00:02]} 5. c3 {[%clk 00:04:55]} {[%emt 00:00:04]}
Nf6 {[%clk 00:05:02]} {[%emt 00:00:02]} 6. Re1 {[%clk 00:04:53]} {[%emt
00:00:04]} O-O {[%clk 00:05:01]} {[%emt 00:00:03]} 7. d4 {[%clk 00:04:49]}
{[%emt 00:00:05]} d5 {[%clk 00:05:01]} {[%emt 00:00:03]} 8. e5 {[%clk
00:04:48]} {[%emt 00:00:03]} Ne4 {[%clk 00:05:01]} {[%emt 00:00:03]} 9. Nbd2
{[%clk 00:04:43]} {[%emt 00:00:06]} cxd4 {[%clk 00:04:58]} {[%emt 00:00:05]} 10.
cxd4 {[%clk 00:04:25]} {[%emt 00:00:20]} Qb6 {[%clk 00:04:49]} {[%emt
00:00:11]} 11. Bxc6 {[%clk 00:04:14]} {[%emt 00:00:13]} Qxc6 {[%clk 00:04:49]}
{[%emt 00:00:03]} 12. Nxe4 {[%clk 00:03:55]} {[%emt 00:00:21]} dxe4 {[%clk
00:04:48]} {[%emt 00:00:03]} 13. Nd2 {[%clk 00:03:49]} {[%emt 00:00:07]} Rd8
{[%clk 00:04:07]} {[%emt 00:00:43]} 14. Rxe4 {[%clk 00:03:10]} {[%emt
00:00:40]} Bf5 {[%clk 00:04:05]} {[%emt 00:00:05]} 15. Rh4 {[%clk 00:02:33]}
{[%emt 00:00:38]} g5 {[%clk 00:03:51]} {[%emt 00:00:17]} 16. Rh5 {[%clk
00:02:27]} {[%emt 00:00:08]} h6 {[%clk 00:03:50]} {[%emt 00:00:03]} 17. Qe2
{[%clk 00:01:40]} {[%emt 00:00:49]} Rxd4 {[%clk 00:03:20]} {[%emt 00:00:33]} 18.
f3 {[%clk 00:01:17]} {[%emt 00:00:24]} Rad8 {[%clk 00:03:02]} {[%emt 00:00:20]}
19. g4 {[%clk 00:01:01]} {[%emt 00:00:18]} Bg6 {[%clk 00:02:52]} {[%emt
00:00:13]} 20. Rh3 {[%clk 00:00:59]} {[%emt 00:00:03]} e6 {[%clk 00:02:16]}
{[%emt 00:00:38]} 21. Nb3 {[%clk 00:00:50]} {[%emt 00:00:12]} Rd1+ {[%clk
00:02:10]} {[%emt 00:00:07]} 22. Kg2 {[%clk 00:00:48]} {[%emt 00:00:04]} Bc2
{[%clk 00:01:14]} {[%emt 00:00:58]} 23. Bd2 {[%clk 00:00:36]} {[%emt 00:00:14]}
Bxb3 {[%clk 00:01:08]} {[%emt 00:00:09]} 24. Rxd1 {[%clk 00:00:35]} {[%emt
00:00:03]} Bxd1 {[%clk 00:01:08]} {[%emt 00:00:02]} 25. Qxd1 {[%emt 00:00:05]}
Qd5 {[%clk 00:01:05]} {[%emt 00:00:03]} 0-1

[Event "World Youth & Cadets Blitz Championships"]
[Site "Rhodes, Greece"]
[Date "2022.05.03"]
[Round "1.41"]
[White "Onipko, Kateryna"]
[Black "Kos, Maja"]
[Result "1-0"]
[TimeControl "5'/game & 2\"/move"]
[WhiteElo "1439"]
[BlackElo "1091"]

1. d4 {[%clk 00:05:03]} d5 {[%clk 00:05:03]} {[%emt 00:00:02]} 2. c4 {[%clk
00:05:03]} {[%emt 00:00:01]} dxc4 {[%clk 00:05:03]} {[%emt 00:00:02]} 3. Nc3
{[%clk 00:05:04]} {[%emt 00:00:02]} Nf6 {[%clk 00:05:03]} {[%emt 00:00:03]} 4.
Bg5 {[%clk 00:05:01]} {[%emt 00:00:04]} h6 {[%clk 00:05:02]} {[%emt 00:00:03]}
5. Bh4 {[%clk 00:05:00]} {[%emt 00:00:02]} e6 {[%clk 00:05:02]} {[%emt
00:00:02]} 6. e3 {[%clk 00:04:55]} {[%emt 00:00:08]} Be7 {[%clk 00:05:03]}
{[%emt 00:00:01]} 7. Bxc4 {[%clk 00:04:54]} {[%emt 00:00:03]} O-O {[%clk
00:05:02]} {[%emt 00:00:03]} 8. Nf3 {[%clk 00:04:54]} {[%emt 00:00:02]} b6
{[%clk 00:05:02]} {[%emt 00:00:02]} 9. O-O {[%clk 00:04:49]} {[%emt 00:00:06]}
Nc6 {[%clk 00:05:02]} {[%emt 00:00:03]} 10. Qc2 {[%clk 00:04:31]} {[%emt
00:00:20]} Bb7 {[%clk 00:04:59]} {[%emt 00:00:05]} 11. Nd2 {[%clk 00:04:23]}
{[%emt 00:00:10]} Nb4 {[%clk 00:04:42]} {[%emt 00:00:18]} 12. Qb3 {[%clk
00:04:04]} {[%emt 00:00:21]} a5 {[%clk 00:04:31]} {[%emt 00:00:14]} 13. a3
{[%clk 00:04:00]} {[%emt 00:00:06]} Nbd5 {[%clk 00:04:27]} {[%emt 00:00:05]} 14.
Nxd5 {[%clk 00:03:57]} {[%emt 00:00:05]} exd5 {[%clk 00:04:27]} {[%emt
00:00:02]} 15. Be2 {[%clk 00:03:45]} {[%emt 00:00:14]} Rc8 {[%clk 00:04:20]}
{[%emt 00:00:10]} 16. Qc2 {[%clk 00:03:32]} {[%emt 00:00:15]} c5 {[%clk
00:04:11]} {[%emt 00:00:11]} 17. dxc5 {[%clk 00:03:11]} {[%emt 00:00:23]} bxc5
{[%clk 00:04:04]} {[%emt 00:00:09]} 18. Bf3 {[%clk 00:03:11]} {[%emt 00:00:02]}
Qd7 {[%clk 00:03:47]} {[%emt 00:00:19]} 19. Nb3 {[%clk 00:02:37]} {[%emt
00:00:36]} a4 {[%clk 00:03:42]} {[%emt 00:00:08]} 20. Nd2 {[%clk 00:02:33]}
{[%emt 00:00:05]} Rfe8 {[%clk 00:03:34]} {[%emt 00:00:10]} 21. Rac1 {[%clk
00:02:26]} {[%emt 00:00:09]} Qc6 {[%clk 00:03:19]} {[%emt 00:00:17]} 22. Nc4
{[%clk 00:02:01]} {[%emt 00:00:26]} Qb5 {[%clk 00:02:52]} {[%emt 00:00:29]} 23.
Nd2 {[%clk 00:01:48]} {[%emt 00:00:16]} Kh8 {[%clk 00:02:12]} {[%emt 00:00:42]}
24. Rb1 {[%clk 00:01:40]} {[%emt 00:00:10]} Qa5 {[%clk 00:02:08]} {[%emt
00:00:06]} 25. Rfd1 {[%clk 00:01:36]} {[%emt 00:00:06]} Qa6 {[%clk 00:02:03]}
{[%emt 00:00:07]} 26. Qf5 {[%clk 00:01:30]} {[%emt 00:00:08]} Qd6 {[%clk
00:01:37]} {[%emt 00:00:28]} 27. Qc2 {[%clk 00:01:27]} {[%emt 00:00:05]} Kg8
{[%clk 00:01:32]} {[%emt 00:00:07]} 28. Qxa4 {[%clk 00:01:26]} {[%emt
00:00:02]} Ra8 {[%clk 00:01:22]} {[%emt 00:00:13]} 29. Qb3 {[%clk 00:01:25]}
{[%emt 00:00:03]} Rab8 {[%clk 00:01:19]} {[%emt 00:00:05]} 30. Bg3 {[%clk
00:01:26]} {[%emt 00:00:01]} Qd7 {[%clk 00:01:01]} {[%emt 00:00:19]} 31. Bxb8
{[%clk 00:01:25]} {[%emt 00:00:03]} Rxb8 {[%clk 00:01:02]} 32. Qc2 {[%clk
00:01:22]} {[%emt 00:00:06]} Rc8 {[%clk 00:01:01]} {[%emt 00:00:04]} 33. Nb3
{[%clk 00:01:21]} {[%emt 00:00:02]} c4 {[%clk 00:00:56]} {[%emt 00:00:07]} 34.
Nd4 {[%clk 00:01:18]} {[%emt 00:00:05]} Kh8 {[%clk 00:00:42]} {[%emt 00:00:16]}
35. Nf5 {[%clk 00:01:14]} {[%emt 00:00:06]} Ne4 {[%clk 00:00:33]} {[%emt
00:00:11]} 36. Nxe7 {[%clk 00:01:10]} {[%emt 00:00:05]} Qxe7 {[%clk 00:00:33]}
{[%emt 00:00:02]} 37. Bxe4 {[%clk 00:01:08]} {[%emt 00:00:05]} dxe4 {[%clk
00:00:31]} {[%emt 00:00:03]} 38. Rd4 {[%clk 00:01:08]} {[%emt 00:00:03]} Qe6
{[%clk 00:00:09]} {[%emt 00:00:24]} 39. Rc1 {[%clk 00:01:07]} {[%emt 00:00:02]}
Bd5 {[%clk 00:00:05]} {[%emt 00:00:06]} 40. Qd2 {[%clk 00:01:04]} {[%emt
00:00:06]} 1-0

[Event "World Youth & Cadets Blitz Championships"]
[Site "Rhodes, Greece"]
[Date "2022.05.03"]
[Round "1.42"]
[White "Galmidi, Ester"]
[Black "Alessi, Clio"]
[Result "0-1"]
[TimeControl "5'/game & 2\"/move"]
[WhiteElo "1069"]
[BlackElo "1429"]

1. e4 {[%clk 00:05:03]} {[%emt 00:29:41]} e5 {[%clk 00:05:03]} {[%emt
00:00:01]} 2. Nf3 {[%clk 00:05:04]} {[%emt 00:00:01]} Nc6 {[%clk 00:05:04]}
{[%emt 00:00:01]} 3. Bb5 {[%clk 00:05:02]} {[%emt 00:00:04]} a6 {[%clk
00:05:06]} {[%emt 00:00:01]} 4. Ba4 {[%clk 00:05:01]} {[%emt 00:00:02]} Nf6
{[%clk 00:05:04]} {[%emt 00:00:04]} 5. Nc3 {[%clk 00:05:00]} {[%emt 00:00:03]}
b5 {[%clk 00:05:05]} {[%emt 00:00:02]} 6. Bb3 {[%clk 00:05:00]} {[%emt
00:00:01]} Be7 {[%clk 00:05:05]} {[%emt 00:00:02]} 7. O-O {[%clk 00:04:54]}
{[%emt 00:00:08]} O-O {[%clk 00:05:05]} {[%emt 00:00:02]} 8. d4 {[%clk
00:04:54]} {[%emt 00:00:01]} exd4 {[%clk 00:05:02]} {[%emt 00:00:06]} 9. Nxd4
{[%clk 00:04:54]} {[%emt 00:00:02]} Bb7 {[%clk 00:04:40]} {[%emt 00:00:24]} 10.
Bf4 {[%clk 00:04:44]} {[%emt 00:00:12]} Bc5 {[%clk 00:04:10]} {[%emt 00:00:32]}
11. Nxc6 {[%clk 00:04:38]} {[%emt 00:00:09]} Bxc6 {[%clk 00:04:10]} {[%emt
00:00:02]} 12. Bg5 {[%clk 00:04:32]} {[%emt 00:00:06]} h6 {[%clk 00:03:58]}
{[%emt 00:00:15]} 13. Bh4 {[%clk 00:04:33]} {[%emt 00:00:01]} Be7 {[%clk
00:03:46]} {[%emt 00:00:15]} 14. e5 {[%clk 00:04:24]} {[%emt 00:00:11]} Ne4
{[%clk 00:03:34]} {[%emt 00:00:12]} 15. Bxe7 {[%clk 00:04:16]} {[%emt
00:00:10]} Qxe7 {[%clk 00:03:32]} {[%emt 00:00:04]} 16. Bd5 {[%clk 00:03:44]}
{[%emt 00:00:34]} Nxc3 {[%emt 00:00:09]} 17. bxc3 {[%clk 00:03:41]} {[%emt
00:00:02]} Qxe5 {[%clk 00:03:21]} {[%emt 00:00:10]} 18. Bxc6 {[%clk 00:03:42]}
{[%emt 00:00:01]} dxc6 {[%clk 00:03:22]} {[%emt 00:00:01]} 19. Qd3 {[%clk
00:03:36]} {[%emt 00:00:09]} Rfd8 {[%clk 00:03:21]} {[%emt 00:00:03]} 20. Qf3
{[%clk 00:03:30]} {[%emt 00:00:06]} Rd2 {[%clk 00:03:19]} {[%emt 00:00:06]} 21.
Qxc6 {[%clk 00:03:26]} {[%emt 00:00:05]} Qd5 {[%clk 00:03:08]} {[%emt
00:00:13]} 22. Qxd5 {[%clk 00:03:22]} {[%emt 00:00:06]} Rxd5 {[%emt 00:00:03]}
23. Rfe1 {[%clk 00:03:14]} {[%emt 00:00:08]} Kf8 {[%clk 00:03:05]} {[%emt
00:00:06]} 24. h3 {[%clk 00:03:07]} {[%emt 00:00:09]} Rd2 {[%clk 00:03:07]}
{[%emt 00:00:01]} 25. Rac1 {[%clk 00:03:04]} {[%emt 00:00:04]} Re8 {[%clk
00:03:05]} {[%emt 00:00:04]} 26. Rxe8+ {[%clk 00:03:03]} {[%emt 00:00:04]} Kxe8
{[%clk 00:03:06]} {[%emt 00:00:01]} 27. a3 {[%clk 00:02:59]} {[%emt 00:00:05]}
Kd7 {[%clk 00:03:05]} {[%emt 00:00:03]} 28. Kf1 {[%clk 00:02:58]} {[%emt
00:00:03]} Kd6 {[%clk 00:03:05]} {[%emt 00:00:02]} 29. Ke1 {[%clk 00:02:58]}
{[%emt 00:00:01]} Rd5 {[%clk 00:03:04]} {[%emt 00:00:05]} 30. Rb1 {[%clk
00:02:39]} {[%emt 00:00:19]} Kc5 {[%clk 00:03:04]} {[%emt 00:00:04]} 31. Rb4
{[%clk 00:02:34]} {[%emt 00:00:06]} a5 {[%clk 00:03:05]} {[%emt 00:00:01]} 32.
Rg4 {[%clk 00:02:31]} {[%emt 00:00:04]} Rg5 {[%clk 00:03:03]} {[%emt 00:00:04]}
33. Rf4 {[%clk 00:02:21]} {[%emt 00:00:10]} Re5+ {[%clk 00:03:03]} {[%emt
00:00:05]} 34. Kd2 {[%clk 00:02:18]} {[%emt 00:00:05]} f6 {[%clk 00:03:01]}
{[%emt 00:00:04]} 35. Rg4 {[%clk 00:02:16]} {[%emt 00:00:04]} Rg5 {[%clk
00:02:59]} {[%emt 00:00:04]} 36. Rxg5+ {[%clk 00:02:07]} {[%emt 00:00:11]} hxg5
{[%clk 00:03:00]} {[%emt 00:00:02]} 37. Kd3 {[%clk 00:02:07]} Kd5 {[%emt
00:00:03]} 38. f3 {[%clk 00:02:05]} {[%emt 00:00:03]} c5 {[%clk 00:03:01]}
{[%emt 00:00:01]} 39. g4 {[%clk 00:01:59]} {[%emt 00:00:08]} g6 {[%clk
00:03:01]} {[%emt 00:00:02]} 40. Ke3 {[%clk 00:01:50]} {[%emt 00:00:11]} f5
{[%clk 00:03:01]} {[%emt 00:00:02]} 41. gxf5 {[%clk 00:01:50]} {[%emt
00:00:02]} gxf5 {[%clk 00:03:02]} {[%emt 00:00:01]} 42. Kd3 {[%clk 00:01:50]}
{[%emt 00:00:02]} f4 {[%clk 00:02:57]} {[%emt 00:00:08]} 43. Kd2 {[%clk
00:01:45]} {[%emt 00:00:05]} b4 {[%clk 00:02:51]} {[%emt 00:00:09]} 44. axb4
{[%clk 00:01:45]} {[%emt 00:00:01]} axb4 {[%clk 00:02:52]} {[%emt 00:00:02]} 45.
cxb4 {[%clk 00:01:45]} cxb4 {[%clk 00:02:53]} {[%emt 00:00:01]} 46. Kc1 {[%clk
00:01:44]} {[%emt 00:00:04]} Kd4 {[%clk 00:02:50]} {[%emt 00:00:04]} 47. Kb2
{[%clk 00:01:44]} {[%emt 00:00:02]} Kc4 {[%clk 00:02:52]} {[%emt 00:00:01]} 48.
Ka2 {[%clk 00:01:40]} {[%emt 00:00:06]} Kc3 {[%clk 00:02:50]} {[%emt 00:00:04]}
49. Kb1 {[%emt 00:00:03]} Kd4 {[%clk 00:02:37]} {[%emt 00:00:12]} 50. Kb2
{[%emt 00:00:04]} Kc4 51. Kb1 {[%clk 00:01:41]} {[%emt 00:00:01]} Kc3 {[%clk
00:02:39]} {[%emt 00:00:01]} 52. Kc1 {[%clk 00:01:41]} {[%emt 00:00:02]} b3
{[%clk 00:02:38]} {[%emt 00:00:03]} 53. cxb3 {[%clk 00:01:41]} {[%emt
00:00:02]} Kxb3 {[%clk 00:02:39]} {[%emt 00:00:01]} 54. Kd2 {[%clk 00:01:42]}
{[%emt 00:00:01]} Kc4 {[%emt 00:00:02]} 55. Ke2 {[%clk 00:01:42]} Kd4 {[%clk
00:02:42]} {[%emt 00:00:02]} 56. Kf2 {[%clk 00:01:42]} Kd3 {[%clk 00:02:44]} 57.
Kg2 {[%clk 00:01:42]} {[%emt 00:00:03]} Ke2 {[%emt 00:00:18]} 58. Kg1 {[%clk
00:01:23]} {[%emt 00:00:04]} Kxf3 {[%clk 00:02:45]} {[%emt 00:00:02]} 59. Kh2
{[%clk 00:01:24]} Kf2 {[%emt 00:00:09]} 60. Kh1 {[%clk 00:01:17]} {[%emt
00:00:06]} Kg3 {[%clk 00:02:42]} {[%emt 00:00:02]} 61. Kg1 {[%clk 00:01:18]}
0-1